000 01228nam a2200241 a 4500
003 AM-YeHGA
005 20250617160033.0
008 181112s1960 ru |||||r|||||000|0|rus||
040 _aAM-YeHGA
041 0 _arus
110 2 _aКалининский областной архив
245 0 0 _aГосударственный архив Калининской области :
_bПутеводитель /
_cПод ред. М. А. Ильин и др. ; Архив. отдел УВД Калининского облисполкома ; Гос. архив Калининской области.
260 _aКалинин :
_bКн. изд-во,
_c1960.
300 _a351 с. ;
_c21 см.
504 _aБиблиогр. : с.331-341
650 1 4 _aКультура. Наука. Просвещение
_xАрхивное дело
650 1 4 _aАрхивоведение
_zКалининская область
653 0 _aАрхивные фонды - Калининская область - Путеводитель
700 1 _aИльин, М. А.
_eред.
_4edt
710 2 _aУВД Калининского облисполкома
_bАрхивный отдел
942 _2udc
_cBK
090 _c447438
999 _c444613
_d444613